00329nam a2200121Ia 4500008004100000041000800041082001200049100001800061245004500079260004200124300003200166365000900198240624s9999 xx 000 0 und d aeng a332 KET aKETTELL BRIAN aISLAMIC FINANCE IN A NUTSHELL A GUIDE FO c2010aNew JerseybJohn Wiley and Sons axvii, : 341 : p. : cm. ; 19 cb27